000 00528nmm a2200193Ia 4500
008 251105s9999||||xx |||||||||||||||||und||
020 _a9788433979643
041 _aspa
100 _aTerré, Jordi
245 0 _aLa Triunfante
264 _a[Madrid, España] :
_bEditorial Anagrama,
_c2016
300 _a200 páginas
490 _aPanorama de narrativas
650 _aOther narratives
700 _aTerré, Jordi
700 1 _a Cremisi, Teresa
856 _uhttps://public.digitaliapublishing.com/a/42411
942 _cCF
999 _c71914
_d71914